000 00697nam a22001937a 4500
999 _c159416
_d159416
005 20181217130724.0
010 _aENG-124555
020 _c795.00
_a9789352808083
035 _aEN-108087
037 _bDBAD/PUB.
082 _a302.2
100 _aThomas, Pradip Ninan
245 _aCommunication for social change:
_cby Pradip Ninan Thomas
_bcontext, social movement and the digital /
260 _aNew Delhi
_bSage Publications India Pvt. Ltd.
_c2019
270 _aB1/I-1, Mohan Cooperative Industrial Area Mathura Road Post Bag 7
_bNew Delhi
_e110044
300 _aviii,217p.
_c21cm.(Hb)
500 _aIt includes index and about the author
942 _2ddc
_cEN
_mTHO
_h302.2